000 00288nam a2200121Ia 4500
008 190216s9999||||xx |||||||||||||| ||und||
100 _aThornley G C
245 0 _aOutstanding Short Stories
260 _bLongmans
_c1958
300 _a115p
650 _aEnglish Short Stories
942 _cBK
999 _c11665
_d11665